000
00234nam a22001217a 4500
008
180309b xxu||||| |||| 00| 0 eng d
041
_a
eng
080
_a
710
100
_a
45
101
_a
ARK
245
_a
AZTECS
942
_2
udc
_c
BK
999
_c
44555
_d
44555